[Event "XXX Festival A"]
[Site "Arco ITA"]
[Date "2008.10.25"]
[Round "8"]
[White "Coqueraut, Jean Dominique"]
[Black "Battiston, Claudio"]
[Result "0-1"]
[WhiteElo "1892"]
[BlackElo "2027"]
[PlyCount "102"]
[EventDate "2008.10.18"]

1. d4 f5 2. g3 Nf6 3. Bg2 g6 4. c4 Bg7 5. Nc3 O-O 6. Nf3 d6 7. O-O c6 8. b3 Na6
9. Ba3 Rb8 10. e3 Bd7 11. Rb1 b5 12. cxb5 cxb5 13. b4 e6 14. Qd3 Qb6 15. Rbc1
Rbc8 16. Rfd1 Rc7 17. Nd2 Rfc8 18. Bf1 Rb8 19. Rc2 Rcc8 20. Rdc1 Nc7 21. Bb2
Ncd5 22. a3 a6 23. Bg2 Nxc3 24. Rxc3 Rxc3 25. Rxc3 Rc8 26. Qc2 Rxc3 27. Qxc3
Kf7 28. h3 Ke7 29. f4 Kd8 30. Kf2 Qc7 31. Qxc7+ Kxc7 32. d5 Ne4+ 33. Nxe4 Bxb2
34. Ng5 exd5 35. Nxh7 Be6 36. Ng5 Bg8 37. g4 Bxa3 38. gxf5 gxf5 39. h4 Bxb4 40.
Bh3 a5 41. Bxf5 a4 42. Bb1 Bc3 43. Bc2 d4 44. exd4 Bxd4+ 45. Ke2 a3 46. Bb1 b4
47. h5 b3 48. Kd3 Bh8 49. h6 a2 50. Bxa2 bxa2 51. h7 Bd5 0-1

[Event "XXX Festival A"]
[Site "Arco ITA"]
[Date "2008.10.25"]
[Round "8"]
[White "Coqueraut, Lodewyk"]
[Black "Henrichsen, Jens"]
[Result "0-1"]
[WhiteElo "1869"]
[BlackElo "1987"]
[PlyCount "84"]
[EventDate "2008.10.18"]

1. d4 Nf6 2. c4 e6 3. Nc3 Bb4 4. Qc2 d5 5. a3 Bxc3+ 6. bxc3 c5 7. Nf3 Nc6 8.
cxd5 Qxd5 9. e3 cxd4 10. cxd4 Na5 11. Bd3 Nb3 12. Rb1 Nxc1 13. Rxc1 Qa5+ 14.
Qc3 Qxc3+ 15. Rxc3 O-O 16. O-O Bd7 17. Ne5 Rfc8 18. Rfc1 Rxc3 19. Rxc3 Rc8 20.
Rxc8+ Bxc8 21. e4 Kf8 22. Nc4 b6 23. f3 Ba6 24. Ne5 Bxd3 25. Nxd3 Nd7 26. Kf2
b5 27. Ke2 Nb6 28. Nb4 Nc4 29. Nc2 a5 30. Kd3 Ke7 31. f4 f5 32. e5 Nb6 33. g3
Kd7 34. Ne1 Kc6 35. Nf3 Nc4 36. Ng5 Kd5 37. Nxh7 Nxa3 38. Nf8 Nc4 39. Ng6 Kc6
40. Ne7+ Kd7 41. Ng6 a4 42. Nh4 a3 0-1

[Event "XXX Festival A"]
[Site "Arco ITA"]
[Date "2008.10.25"]
[Round "8"]
[White "Cottarelli, Franco"]
[Black "Marino, Francesco V."]
[Result "1-0"]
[WhiteElo "1899"]
[BlackElo "1686"]
[PlyCount "55"]
[EventDate "2008.10.18"]

1. e4 c5 2. Nc3 Nc6 3. g3 g6 4. Bg2 Bg7 5. d3 d6 6. Be3 Rb8 7. Nf3 Nf6 8. h3 a6
9. Qd2 Be6 10. O-O b5 11. Bh6 O-O 12. a3 a5 13. Bxg7 Kxg7 14. Nh2 Qc8 15. g4
Nd4 16. f4 Bxg4 17. hxg4 Nxg4 18. Bh3 h5 19. Ne2 f5 20. Nxd4 cxd4 21. c3 Qc5
22. Kh1 Rh8 23. cxd4 Qxd4 24. Nf3 Qb6 25. Qc3+ e5 26. fxe5 Nxe5 27. Nxe5 Rbc8
28. Nc4+ 1-0

[Event "XXX Festival A"]
[Site "Arco ITA"]
[Date "2008.10.25"]
[Round "8"]
[White "De Andres Gonalons, Fernando"]
[Black "Prakken, Gerrit"]
[Result "1/2-1/2"]
[WhiteElo "2092"]
[BlackElo "2206"]
[PlyCount "97"]
[EventDate "2008.10.18"]

1. d4 d5 2. c4 e6 3. Nc3 c6 4. Nf3 Nf6 5. e3 Nbd7 6. Bd3 dxc4 7. Bxc4 b5 8. Bd3
Bd6 9. Ne4 Nxe4 10. Bxe4 Bb7 11. Qc2 Rc8 12. Bd2 f5 13. Bd3 c5 14. Bxb5 O-O 15.
Qb3 Bd5 16. Bc4 Rb8 17. Qc2 Be4 18. Bd3 Bxf3 19. gxf3 cxd4 20. exd4 Nb6 21. h4
Nd5 22. a3 Qf6 23. Bc3 Rfc8 24. Kf1 Qg6 25. Rg1 Qh5 26. Qe2 Qf7 27. h5 Rc7 28.
h6 g6 29. a4 Rbc8 30. Ba6 Rb8 31. Rc1 Bf4 32. Re1 Bxh6 33. Bc4 Bg7 34. Bxd5
exd5 35. f4 Bf6 36. Rg3 Re7 37. Re3 Re4 38. Rxe4 fxe4 39. Qg4 Re8 40. b4 Qc7
41. Re3 Bxd4 42. Bxd4 Qc4+ 43. Kg2 Qxd4 44. Qd7 Rf8 45. Rh3 Rf7 46. Qe8+ Rf8
47. Qd7 Rf7 48. Qe8+ Rf8 49. Qd7 1/2-1/2

[Event "XXX Festival A"]
[Site "Arco ITA"]
[Date "2008.10.25"]
[Round "8"]
[White "De Santis, Alessio"]
[Black "Arakhamia-Grant, Ketevan"]
[Result "0-1"]
[WhiteElo "2263"]
[BlackElo "2448"]
[PlyCount "82"]
[EventDate "2008.10.18"]

1. d4 Nf6 2. c4 g6 3. Nc3 Bg7 4. e4 d6 5. f3 O-O 6. Be3 c5 7. Nge2 Nc6 8. d5
Ne5 9. Ng3 e6 10. Be2 exd5 11. cxd5 a6 12. Qd2 b5 13. Bh6 Rb8 14. Bxg7 Kxg7 15.
f4 Ned7 16. O-O Re8 17. Bf3 b4 18. Nd1 a5 19. Ne3 Nb6 20. b3 h5 21. h4 Nh7 22.
Qf2 Kh8 23. Ne2 Ba6 24. Rfe1 Bxe2 25. Rxe2 Qf6 26. e5 dxe5 27. fxe5 Rxe5 28.
Rd1 Rd8 29. Red2 Nf8 30. Nc4 Nxc4 31. bxc4 Qd6 32. Rd3 Nd7 33. Qb2 Kg8 34. Qc2
Nb6 35. Rf1 Rf5 36. Re3 Qf6 37. Re4 Nc8 38. Rfe1 Nd6 39. Qa4 Nxe4 40. Bxe4 Qd4+
41. Kh2 Re5 0-1

[Event "XXX Festival A"]
[Site "Arco ITA"]
[Date "2008.10.25"]
[Round "8"]
[White "Dieli, Riccardo"]
[Black "Kofler, Albin"]
[Result "1-0"]
[WhiteElo "1943"]
[BlackElo "1724"]
[PlyCount "61"]
[EventDate "2008.10.18"]

1. Nf3 Nf6 2. d4 g6 3. Nc3 Bg7 4. Bg5 d6 5. Qd2 O-O 6. Bh6 e6 7. Bxg7 Kxg7 8.
e4 c6 9. Bd3 Nbd7 10. O-O-O e5 11. h4 b5 12. h5 exd4 13. hxg6 fxg6 14. Nxd4 Ne5
15. Qh6+ Kg8 16. f3 Qc7 17. g4 Qf7 18. b3 Qg7 19. Qxg7+ Kxg7 20. g5 Nxd3+ 21.
Rxd3 Nh5 22. Nxc6 Bb7 23. Na5 Ba6 24. Rxd6 Rxf3 25. Kb2 Rc8 26. Nd5 Rf2 27. Nb4
Re2 28. Rxa6 Rxe4 29. Rxa7+ Kg8 30. Nd5 Kf8 31. Rf1+ 1-0

[Event "XXX Festival A"]
[Site "Arco ITA"]
[Date "2008.10.25"]
[Round "8"]
[White "Diotallevi, Maurizio"]
[Black "Orlandi, Stefano"]
[Result "1-0"]
[WhiteElo "2101"]
[BlackElo "1965"]
[PlyCount "107"]
[EventDate "2008.10.18"]

1. d4 d5 2. Bg5 c6 3. Nf3 Qb6 4. b3 e6 5. e3 Nd7 6. Bd3 Ngf6 7. O-O Bd6 8. c4
Qc7 9. c5 Be7 10. Bf4 Qd8 11. h3 O-O 12. Nc3 a5 13. Qc2 b6 14. cxb6 Ba6 15. Bc7
Bxd3 16. Qxd3 Qc8 17. Na4 Ne8 18. Bg3 Qb7 19. Rac1 Nxb6 20. Nxb6 Qxb6 21. Ne5
Qb7 22. Nxc6 Bd6 23. Bxd6 Nxd6 24. Rc2 a4 25. Rfc1 axb3 26. Qxb3 Qa6 27. Nb4
Qa4 28. Nd3 f6 29. Qxa4 Rxa4 30. Nc5 Ra3 31. Nxe6 Rfa8 32. Nf4 Rxa2 33. Nxd5
Rxc2 34. Rxc2 Ra1+ 35. Kh2 Ne4 36. f3 Nd6 37. g4 Kf7 38. Rc7+ Kg6 39. Rc6 Nf7
40. h4 h6 41. f4 Ra5 42. f5+ Kh7 43. Nf4 Ra7 44. Kg3 Kg8 45. Ne6 Kh7 46. Kf4
g5+ 47. fxg6+ Kxg6 48. h5+ Kh7 49. e4 Ng5 50. Nxg5+ fxg5+ 51. Kf5 Rf7+ 52. Rf6
Ra7 53. d5 Ra1 54. d6 1-0

[Event "XXX Festival A"]
[Site "Arco ITA"]
[Date "2008.10.25"]
[Round "8"]
[White "Dittmar, Peter"]
[Black "Grant, Jonathan I.M."]
[Result "1/2-1/2"]
[WhiteElo "2357"]
[BlackElo "2246"]
[PlyCount "71"]
[EventDate "2008.10.18"]

1. b3 e5 2. Bb2 Nc6 3. c4 Nf6 4. e3 d5 5. cxd5 Nxd5 6. a3 Bd6 7. d3 O-O 8. Nf3
Qe7 9. Nbd2 f5 10. Nc4 Bd7 11. Be2 b5 12. Nxd6 cxd6 13. O-O a5 14. Re1 Rfc8 15.
Bf1 b4 16. axb4 Ncxb4 17. Rc1 Rxc1 18. Qxc1 Rc8 19. Qb1 Bb5 20. Rc1 Qb7 21.
Rxc8+ Qxc8 22. Nd2 f4 23. e4 Ne7 24. Nc4 Bxc4 25. dxc4 f3 26. g3 Qf8 27. c5
Nec6 28. cxd6 Qxd6 29. Qc1 h6 30. Qc4+ Kh7 31. Qf7 Qd1 32. Qf5+ Kh8 33. Qf8+
Kh7 34. Qf5+ Kh8 35. Qf8+ Kh7 36. Qf5+ 1/2-1/2

[Event "XXX Festival A"]
[Site "Arco ITA"]
[Date "2008.10.25"]
[Round "8"]
[White "Drazic, Sinisa"]
[Black "Zucchelli, Massimo"]
[Result "1-0"]
[WhiteElo "2528"]
[BlackElo "2145"]
[PlyCount "65"]
[EventDate "2008.10.18"]

1. e4 e6 2. f4 d5 3. e5 c5 4. Nf3 Nc6 5. c3 Nh6 6. Na3 f6 7. exf6 Qxf6 8. d4
cxd4 9. cxd4 Bb4+ 10. Kf2 O-O 11. Nc2 Bd6 12. g3 Bd7 13. Bh3 Bc7 14. Re1 Bb6
15. Kg2 Nf5 16. Be3 Nxe3+ 17. Nxe3 Rae8 18. Ng4 Qe7 19. a3 Na5 20. Nge5 Bc8 21.
Rc1 Qd6 22. Qc2 h6 23. Re3 Nc4 24. Nxc4 dxc4 25. Qxc4 Kh8 26. Rce1 e5 27. Rxe5
Bxh3+ 28. Kxh3 Rxe5 29. Rxe5 Rd8 30. Qf7 Bxd4 31. Re8+ Rxe8 32. Qxe8+ Kh7 33.
Qe4+ 1-0

[Event "XXX Festival A"]
[Site "Arco ITA"]
[Date "2008.10.25"]
[Round "8"]
[White "Facchetti, Gianni"]
[Black "Tocco, Paolo"]
[Result "0-1"]
[WhiteElo "2154"]
[BlackElo "2156"]
[PlyCount "126"]
[EventDate "2008.10.18"]

1. e4 e5 2. Nf3 Nc6 3. Bc4 f5 4. d4 exd4 5. e5 d5 6. Bb5 Bb4+ 7. Nbd2 Nge7 8.
O-O O-O 9. Nb3 a6 10. Bxc6 Nxc6 11. Nbxd4 Nxd4 12. Qxd4 Be7 13. b4 a5 14. b5 c5
15. bxc6 bxc6 16. Rd1 Be6 17. Qa4 c5 18. c3 h6 19. Rb1 Qc7 20. h4 Rab8 21. Bf4
Rb7 22. Qc2 Rfb8 23. g3 Qc6 24. Rxb7 Qxb7 25. Qd3 Qb5 26. Qe3 Qa4 27. Qd2 Rb6
28. h5 Qe4 29. Qd3 Kf7 30. Ne1 Rb2 31. f3 Qa4 32. Rd2 Qxa2 33. g4 Rxd2 34. Bxd2
c4 35. Qe2 Bg5 36. gxf5 Qxd2 37. fxe6+ Kxe6 38. Qf1 Kxe5 39. f4+ Qxf4 40. Nf3+
Ke6 41. Kg2 Qg4+ 42. Kf2 Qxh5 43. Qb1 Bh4+ 44. Ke2 Qe8 45. Kf1 Qd8 46. Nxh4
Qxh4 47. Qb8 Ke7 48. Qc7+ Ke6 49. Qc6+ Ke5 50. Qe8+ Kf5 51. Kg1 Qg3+ 52. Kh1
Qxc3 53. Qd7+ Ke4 54. Qe6+ Qe5 55. Qg4+ Qf4 56. Qe2+ Kf5 57. Qh5+ Kf6 58. Qh3
Qc1+ 59. Kh2 Qd2+ 60. Kg1 c3 61. Qf1+ Kg6 62. Kh1 c2 63. Qa6+ Kh7 0-1

[Event "XXX Festival A"]
[Site "Arco ITA"]
[Date "2008.10.25"]
[Round "8"]
[White "Garonzi, Martino"]
[Black "Trauth, Michael"]
[Result "0-1"]
[WhiteElo "2008"]
[BlackElo "2165"]
[PlyCount "68"]
[EventDate "2008.10.18"]

1. e4 c5 2. Nf3 Nc6 3. d4 cxd4 4. Nxd4 Nf6 5. Nc3 g6 6. Be3 Bg7 7. Bc4 O-O 8.
f3 Qb6 9. Qd2 Nxe4 10. fxe4 Bxd4 11. Bxd4 Qxd4 12. Qxd4 Nxd4 13. O-O-O Nc6 14.
Nd5 Kg7 15. Bb5 Rb8 16. h4 a6 17. Bxc6 dxc6 18. Nb6 Bg4 19. Rd3 Rfd8 20. Kd2
Rxd3+ 21. cxd3 Rd8 22. Ke3 e5 23. Nc4 f6 24. Na5 Rd7 25. Rc1 Be6 26. Nc4 Bxc4
27. Rxc4 Kf7 28. g4 Ke6 29. b3 h5 30. gxh5 gxh5 31. Rc2 Rg7 32. Rf2 Rg3+ 33.
Ke2 Rh3 34. Rg2 Kf7 0-1

[Event "XXX Festival A"]
[Site "Arco ITA"]
[Date "2008.10.25"]
[Round "8"]
[White "Giaracuni, Claudio"]
[Black "Roversi, Stefano"]
[Result "1-0"]
[WhiteElo "1780"]
[BlackElo "1839"]
[PlyCount "75"]
[EventDate "2008.10.18"]

1. c4 Nf6 2. Nc3 g6 3. Nf3 Bg7 4. g3 O-O 5. Bg2 d5 6. cxd5 Nxd5 7. d4 c6 8. e4
Nxc3 9. bxc3 Qa5 10. Bb2 Bg4 11. O-O Qh5 12. e5 Nd7 13. h3 Bxh3 14. Bxh3 Qxh3
15. Re1 Nb6 16. Bc1 Qg4 17. Bg5 e6 18. Qe2 Nd5 19. c4 Nb6 20. Kg2 f6 21. exf6
Bxf6 22. Qxe6+ Qxe6 23. Rxe6 Bxg5 24. Nxg5 Nxc4 25. Rc1 Nb2 26. Rb1 Nd3 27. f4
Rab8 28. Re2 Nxf4+ 29. gxf4 Rxf4 30. Ne6 Rg4+ 31. Kh3 h5 32. Rd2 b6 33. Rc1 Rc8
34. d5 c5 35. d6 Ra4 36. d7 Ra3+ 37. Kh4 Ra4+ 38. Kg5 1-0

[Event "XXX Festival A"]
[Site "Arco ITA"]
[Date "2008.10.25"]
[Round "8"]
[White "Grigore, George-Gabriel"]
[Black "Llaneza Vega, Marcos"]
[Result "1/2-1/2"]
[WhiteElo "2519"]
[BlackElo "2485"]
[PlyCount "71"]
[EventDate "2008.10.18"]

1. d4 Nf6 2. c4 e6 3. Nc3 Bb4 4. Qc2 d5 5. a3 Bxc3+ 6. Qxc3 c5 7. dxc5 d4 8.
Qg3 Nc6 9. b4 e5 10. e4 dxe3 11. Bxe3 O-O 12. Rd1 Qe7 13. Nf3 a5 14. b5 Ne4 15.
Qh4 Qxh4 16. Nxh4 Nd4 17. Bxd4 exd4 18. Rxd4 Re8 19. Be2 Nc3 20. Rd2 Be6 21.
O-O Nxe2+ 22. Rxe2 Bxc4 23. Rxe8+ Rxe8 24. Rc1 Bxb5 25. Nf5 Bc6 26. f3 Re5 27.
Nd4 Kf8 28. Kf2 Ke7 29. Nb3 a4 30. Nd4 Kd7 31. Rc4 Kc7 32. g4 Bd7 33. Rc3 Rd5
34. Ke3 Re5+ 35. Kf2 Rd5 36. Ke3 1/2-1/2

[Event "XXX Festival A"]
[Site "Arco ITA"]
[Date "2008.10.25"]
[Round "8"]
[White "Jensen, Leif"]
[Black "Weinberg, Emanuele"]
[Result "1/2-1/2"]
[WhiteElo "2036"]
[BlackElo "1861"]
[PlyCount "34"]
[EventDate "2008.10.18"]

1. e4 Nf6 2. Nc3 d5 3. exd5 Nxd5 4. Bc4 e6 5. Bxd5 exd5 6. Qe2+ Be7 7. Nf3 c6
8. d3 O-O 9. O-O Be6 10. Re1 c5 11. Bf4 Nc6 12. Ne5 Nd4 13. Qd1 f6 14. Nf3 Bg4
15. h3 Nxf3+ 16. gxf3 Bxh3 17. Kh2 Bf5 1/2-1/2

[Event "XXX Festival A"]
[Site "Arco ITA"]
[Date "2008.10.25"]
[Round "8"]
[White "Karl, Hans"]
[Black "Bertani, Gianfranco"]
[Result "0-1"]
[WhiteElo "2240"]
[BlackElo "2106"]
[PlyCount "60"]
[EventDate "2008.10.18"]

1. d4 f5 2. g3 Nf6 3. Bg2 e6 4. c4 Be7 5. Nc3 d5 6. Nf3 c6 7. O-O O-O 8. b3 Qe8
9. e3 Nbd7 10. Bb2 Ne4 11. Nd2 Ndf6 12. f3 Nxc3 13. Bxc3 Qg6 14. Qe2 Bd7 15. e4
f4 16. e5 Ne8 17. g4 Nc7 18. Rfd1 b6 19. Bf1 c5 20. Rac1 Bc6 21. Bg2 h5 22. h3
Rad8 23. Nf1 dxc4 24. bxc4 cxd4 25. Bxd4 Rxd4 26. Rxd4 Bc5 27. Rcd1 Rd8 28.
gxh5 Qg5 29. Qf2 Rxd4 30. Rxd4 Qxe5 0-1

[Event "XXX Festival A"]
[Site "Arco ITA"]
[Date "2008.10.25"]
[Round "8"]
[White "Kopischke, Maik"]
[Black "Galas, Franco"]
[Result "1-0"]
[WhiteElo "1930"]
[BlackElo "1541"]
[PlyCount "41"]
[EventDate "2008.10.18"]

1. e4 d6 2. d4 g6 3. Nc3 e6 4. f4 Bg7 5. Nf3 Ne7 6. Be3 b6 7. Qd2 Nd7 8. Bd3
O-O 9. O-O-O c5 10. Nb5 cxd4 11. Bxd4 Bxd4 12. Nbxd4 Nc5 13. h4 Nxd3+ 14. Qxd3
h5 15. Ng5 d5 16. e5 Bd7 17. g4 hxg4 18. h5 Nf5 19. hxg6 Nxd4 20. gxf7+ Rxf7
21. Rh8+ 1-0

[Event "XXX Festival A"]
[Site "Arco ITA"]
[Date "2008.10.25"]
[Round "8"]
[White "Lapiccirella, Daniele"]
[Black "Paggiaro, Luca"]
[Result "1-0"]
[WhiteElo "2179"]
[BlackElo "2049"]
[PlyCount "83"]
[EventDate "2008.10.18"]

1. d4 Nf6 2. c4 d6 3. Nc3 g6 4. e4 Bg7 5. f3 O-O 6. Be3 e5 7. d5 a6 8. Bd3 Nbd7
9. Nge2 Nc5 10. Bc2 Rb8 11. O-O Nh5 12. Qd2 f5 13. exf5 gxf5 14. Bg5 Qe8 15. b4
Nd7 16. g4 fxg4 17. fxg4 Nf4 18. Nxf4 exf4 19. Rae1 Ne5 20. h3 h5 21. Bxf4 hxg4
22. Bxe5 Rxf1+ 23. Kxf1 dxe5 24. Kg2 Qh5 25. h4 Bd7 26. Ne4 Rf8 27. Ng3 Qf7 28.
Rf1 Qe7 29. Nf5 Bxf5 30. Bxf5 e4 31. Qf4 e3 32. Qxg4 e2 33. Be6+ Kh7 34. Qe4+
Kh6 35. Qe3+ Kh7 36. Qxe2 Qxb4 37. Qh5+ Bh6 38. Rf7+ Rxf7 39. Qxf7+ Bg7 40.
Bf5+ Kh8 41. Qh5+ Kg8 42. Be6+ 1-0

[Event "XXX Festival A"]
[Site "Arco ITA"]
[Date "2008.10.25"]
[Round "8"]
[White "Larino Nieto, David"]
[Black "Vezzosi, Paolo"]
[Result "1/2-1/2"]
[WhiteElo "2469"]
[BlackElo "2337"]
[PlyCount "142"]
[EventDate "2008.10.18"]

1. e4 c6 2. d4 d5 3. Nd2 dxe4 4. Nxe4 Bf5 5. Ng3 Bg6 6. Bc4 e6 7. N1e2 Bd6 8.
h4 h6 9. Nf4 Bxf4 10. Bxf4 Nf6 11. h5 Bh7 12. c3 Nbd7 13. Bb3 Qa5 14. a4 O-O
15. O-O Rfd8 16. c4 c5 17. d5 exd5 18. cxd5 Qb4 19. Bd6 Re8 20. a5 b5 21. axb6
Nxb6 22. Qf3 Qb5 23. Rfd1 c4 24. Ba2 Rad8 25. Qa3 Nfxd5 26. Bb1 Qb3 27. Bxh7+
Kxh7 28. Qxb3 cxb3 29. Bc5 Nc4 30. Rd4 Nxb2 31. Rb1 Na4 32. Bxa7 b2 33. Rxa4
Nc3 34. Rxb2 Nxa4 35. Rb7 Kg8 36. Nf5 Re5 37. g4 Nc5 38. Bxc5 Rxc5 39. Kg2 Rc4
40. f3 Rc3 41. Ne7+ Kf8 42. Nf5 Rcd3 43. Kg3 R3d7 44. Rb4 Kg8 45. Rb6 Kh7 46.
Ra6 Re8 47. Nh4 Re5 48. Rb6 Rc5 49. Ng6 Rdc7 50. Nh4 R5c6 51. Rb5 g6 52. Rd5
Rc5 53. hxg6+ fxg6 54. Rd6 R5c6 55. Rd3 Kg7 56. Rd8 Rf6 57. Rd3 Rcf7 58. Rd5 g5
59. Nf5+ Kg6 60. Re5 Rxf5 61. gxf5+ Rxf5 62. Re6+ Rf6 63. Re8 h5 64. Rg8+ Kf5
65. Ra8 h4+ 66. Kg2 Rd6 67. Rf8+ Ke5 68. Re8+ Re6 69. Ra8 Rd6 70. Re8+ Kf4 71.
Rf8+ Ke5 1/2-1/2

[Event "XXX Festival A"]
[Site "Arco ITA"]
[Date "2008.10.25"]
[Round "8"]
[White "Mazza, Maurizio"]
[Black "Bortolotti, Silvano"]
[Result "1-0"]
[WhiteElo "1765"]
[BlackElo "1826"]
[PlyCount "97"]
[EventDate "2008.10.18"]

1. e4 e5 2. Nf3 Nc6 3. d4 exd4 4. Nxd4 Qf6 5. c3 Bc5 6. Be3 Nge7 7. Bc4 b6 8.
b4 Bd6 9. Nxc6 Nxc6 10. O-O Bxb4 11. cxb4 Qxa1 12. b5 Qf6 13. bxc6 dxc6 14. f4
O-O 15. e5 Qe7 16. Qc2 Kh8 17. Nd2 f5 18. Nf3 c5 19. Bf2 Be6 20. Bh4 Qe8 21.
Be2 h6 22. Nd2 Qd7 23. Rf3 Qd4+ 24. Bf2 Qa1+ 25. Nf1 Qxa2 26. Qxa2 Bxa2 27. Bd3
c6 28. Bh4 Rf7 29. Ne3 Be6 30. Rg3 b5 31. Rg6 Kh7 32. Rxe6 c4 33. Bxf5+ Rxf5
34. Nxf5 a5 35. Rxc6 a4 36. Rb6 a3 37. Ne3 a2 38. Nc2 a1=Q+ 39. Nxa1 Rxa1+ 40.
Kf2 c3 41. Rc6 b4 42. Ke2 Ra2+ 43. Kd1 Rxg2 44. e6 Rd2+ 45. Kc1 Re2 46. f5 Rxh2
47. e7 Re2 48. Rc8 b3 49. Rxc3 1-0

[Event "XXX Festival A"]
[Site "Arco ITA"]
[Date "2008.10.25"]
[Round "8"]
[White "Medancic, Rikard"]
[Black "Barlocco, Carlo"]
[Result "1-0"]
[WhiteElo "2225"]
[BlackElo "2144"]
[PlyCount "123"]
[EventDate "2008.10.18"]

1. d4 e6 2. Nf3 a6 3. Bf4 c5 4. e3 b5 5. Nbd2 Bb7 6. c3 Nf6 7. Bd3 Be7 8. h3
O-O 9. O-O Nc6 10. Bh2 Qb6 11. Qe2 Rac8 12. Ne5 Nxe5 13. dxe5 Ne8 14. Rad1 f6
15. f4 d6 16. Kh1 d5 17. f5 fxe5 18. Bxe5 Bf6 19. Nf3 Bxe5 20. Nxe5 Qd6 21. Ng4
e5 22. c4 d4 23. exd4 exd4 24. cxb5 axb5 25. Bxb5 Nc7 26. Bc4+ Kh8 27. Qe5 Qc6
28. Rd2 Rce8 29. Qg3 Nd5 30. Ne5 Rxe5 31. Qxe5 Ne3 32. f6 gxf6 33. Qe7 Re8 34.
Qf7 Nxc4 35. Qxc4 Re3 36. Qf7 Rxh3+ 37. Kg1 Qd6 38. Qxf6+ Qxf6 39. Rxf6 Rh5 40.
Rdf2 Be4 41. Rf7 Bg6 42. Rd7 Kg8 43. Rf6 Re5 44. Rc6 Re8 45. Rxc5 d3 46. a4 Kf8
47. b4 Re1+ 48. Kf2 Re2+ 49. Kf1 Ke8 50. Rd4 Ra2 51. b5 Rb2 52. a5 Ke7 53. a6
Ra2 54. Re5+ Kf6 55. Red5 Ke6 56. Rxd3 Bxd3+ 57. Rxd3 Ra5 58. Rb3 Kd7 59. b6
Kc8 60. b7+ Kb8 61. Rb6 h5 62. Rc6 1-0

[Event "XXX Festival A"]
[Site "Arco ITA"]
[Date "2008.10.25"]
[Round "8"]
[White "Mombelli, Antonio"]
[Black "Blasco, Domenico"]
[Result "1/2-1/2"]
[WhiteElo "1850"]
[BlackElo "2022"]
[PlyCount "72"]
[EventDate "2008.10.18"]

1. e4 g6 2. d4 Bg7 3. Nf3 d6 4. c3 Nf6 5. Bd3 O-O 6. O-O Nc6 7. Re1 e5 8. d5
Ne7 9. c4 h6 10. h3 Nh5 11. Nc3 Nf4 12. Bxf4 exf4 13. Qd2 g5 14. e5 dxe5 15.
Nxe5 Bf5 16. Re2 Bxd3 17. Qxd3 Bxe5 18. Rxe5 Ng6 19. Re2 Qd7 20. Ne4 Qf5 21.
Nc5 Qxd3 22. Nxd3 Rfe8 23. Rae1 Kf8 24. Nc5 Rxe2 25. Rxe2 b6 26. Na6 Rc8 27. b3
Kg7 28. f3 Kf6 29. Kf2 Ne5 30. Nb4 a5 31. Nc2 Nd3+ 32. Kf1 Nc1 33. Rd2 Nxa2 34.
Nd4 Nb4 35. Nb5 Ke7 36. Nxc7 Kd7 1/2-1/2

[Event "XXX Festival A"]
[Site "Arco ITA"]
[Date "2008.10.25"]
[Round "8"]
[White "Moncelli, Giorgio"]
[Black "Stolfa, Rodolfo"]
[Result "1-0"]
[WhiteElo "2110"]
[BlackElo "1912"]
[PlyCount "61"]
[EventDate "2008.10.18"]

1. c4 c5 2. Nf3 Nf6 3. g3 Nc6 4. Bg2 e6 5. O-O Be7 6. d4 cxd4 7. Nxd4 Nxd4 8.
Qxd4 O-O 9. Nc3 d6 10. b3 Qc7 11. Nb5 Qc5 12. Qd3 Rd8 13. Be3 Qh5 14. Nc7 Ng4
15. h3 Nxe3 16. Qxe3 Rb8 17. Qxa7 Bd7 18. Bxb7 Qxh3 19. Na6 Rxb7 20. Qxb7 d5
21. cxd5 Bh4 22. Qc7 e5 23. Rac1 Re8 24. Rc3 Bf6 25. g4 Qxg4+ 26. Rg3 Bd8 27.
Qd6 Be7 28. Qxe5 f6 29. Qc7 Bd8 30. Rxg4 Bxc7 31. Nxc7 1-0

[Event "XXX Festival A"]
[Site "Arco ITA"]
[Date "2008.10.25"]
[Round "8"]
[White "Moratto, Davide"]
[Black "Zordan, Diego"]
[Result "1-0"]
[WhiteElo "1860"]
[BlackElo "1846"]
[PlyCount "51"]
[EventDate "2008.10.18"]

1. e4 d6 2. d4 Nf6 3. Nc3 c6 4. f4 Bg4 5. Nf3 Nbd7 6. h3 Bxf3 7. Qxf3 e5 8. d5
Be7 9. Bd3 Nc5 10. O-O Qb6 11. Kh1 Nxd3 12. Qxd3 O-O 13. f5 cxd5 14. Nxd5 Nxd5
15. exd5 Rac8 16. f6 Bxf6 17. Rxf6 gxf6 18. Bh6 Kh8 19. Qf5 Qd8 20. Bxf8 Qxf8
21. Qxf6+ Kg8 22. Rc1 Rc5 23. Rf1 Rxc2 24. Rf3 h6 25. Rg3+ Kh7 26. Qf5+ 1-0

[Event "XXX Festival A"]
[Site "Arco ITA"]
[Date "2008.10.25"]
[Round "8"]
[White "Morselli, Stefano"]
[Black "Cardili, Mariano"]
[Result "1/2-1/2"]
[WhiteElo "1901"]
[BlackElo "2123"]
[PlyCount "80"]
[EventDate "2008.10.18"]

1. e4 c6 2. d3 d5 3. Nd2 e5 4. Ngf3 Bd6 5. g3 Nf6 6. Bg2 Nbd7 7. O-O O-O 8. Re1
Re8 9. exd5 cxd5 10. a4 Nc5 11. b4 Na6 12. b5 Nc5 13. Nf1 d4 14. N1d2 Nd5 15.
Bb2 Nb6 16. Qe2 Be6 17. Nxe5 Bd5 18. f4 Bxg2 19. Qxg2 Bxe5 20. fxe5 Nbxa4 21.
Ba3 b6 22. Nc4 Nc3 23. Nd6 Rf8 24. Bb4 Qd7 25. Bxc3 dxc3 26. Rf1 Rad8 27. Rf4
Qe7 28. Qd5 Rd7 29. Raf1 Qe6 30. Qxe6 Nxe6 31. Rc4 f6 32. d4 fxe5 33. Rxf8+
Nxf8 34. dxe5 Re7 35. Rxc3 Rxe5 36. Rc7 Rd5 37. Rc6 a6 38. c4 Rd2 39. Nf5 Rd7
40. Ne3 Kf7 1/2-1/2

[Event "XXX Festival A"]
[Site "Arco ITA"]
[Date "2008.10.25"]
[Round "8"]
[White "Niccoli, Paolo"]
[Black "Wagner, Frank"]
[Result "1-0"]
[WhiteElo "1898"]
[BlackElo "1955"]
[PlyCount "85"]
[EventDate "2008.10.18"]

1. e4 c5 2. Nf3 Nc6 3. d4 cxd4 4. Nxd4 e5 5. Nb5 a6 6. Nd6+ Bxd6 7. Qxd6 Qf6 8.
Qd1 Nge7 9. Nc3 O-O 10. Bc4 b5 11. Bb3 Nd4 12. Nd5 Nxd5 13. Bxd5 Rb8 14. c3 Ne6
15. O-O Bb7 16. Be3 Bc6 17. Qg4 Nc7 18. Bb3 d5 19. f4 Rbd8 20. fxe5 Qxe5 21.
Bd4 Bd7 22. Bxe5 Bxg4 23. Bxc7 Rd7 24. Bb6 dxe4 25. Bd4 Be2 26. Rf2 Bd3 27. Bc2
Bxc2 28. Rxc2 f5 29. Re2 Re8 30. Rf1 Rf7 31. Be3 Rd8 32. h4 g6 33. Bd4 h6 34.
g4 Re8 35. gxf5 Rxf5 36. Rxf5 gxf5 37. Rg2+ Kf7 38. Kf2 Ke6 39. Ke3 Kd5 40. Rg6
Rf8 41. Kf4 Kc4 42. h5 Kd3 43. Rxh6 1-0

[Event "XXX Festival A"]
[Site "Arco ITA"]
[Date "2008.10.25"]
[Round "8"]
[White "Perich, Stefano"]
[Black "Buck, Klaus-Michael"]
[Result "1/2-1/2"]
[WhiteElo "1960"]
[BlackElo "1804"]
[PlyCount "20"]
[EventDate "2008.10.18"]

1. e4 e6 2. d4 d5 3. e5 c5 4. c3 Nc6 5. Nf3 cxd4 6. cxd4 Bb4+ 7. Bd2 Bxd2+ 8.
Nbxd2 Qb6 9. Nb3 Qb4+ 10. Qd2 Qxd2+ 1/2-1/2

[Event "XXX Festival A"]
[Site "Arco ITA"]
[Date "2008.10.25"]
[Round "8"]
[White "Piccoli, Vincenzo"]
[Black "De Polzer, Manfredi"]
[Result "1-0"]
[WhiteElo "1972"]
[BlackElo "1726"]
[PlyCount "69"]
[EventDate "2008.10.18"]

1. e4 e6 2. d4 d5 3. Nc3 Bb4 4. e5 Nd7 5. Qg4 Kf8 6. Bg5 f6 7. exf6 Ndxf6 8.
Qf3 Qd6 9. O-O-O Bd7 10. Bf4 Qb6 11. Nge2 Be8 12. g4 Bf7 13. h4 Bd6 14. Bh3 h6
15. Be5 Ke7 16. g5 Bxe5 17. gxf6+ Bxf6 18. Rhe1 c6 19. Nf4 Kf8 20. Bxe6 Ne7 21.
Bxf7 Kxf7 22. Qh5+ g6 23. Rxe7+ Kxe7 24. Nxg6+ Kd6 25. Nxh8 Rxh8 26. Qg6 Qd8
27. Ne2 Kc7 28. Nf4 Qe7 29. Qg3 Qd6 30. Re1 Kb6 31. Re3 a6 32. Re6 Qd8 33. Qa3
Bxd4 34. Qb4+ Kc7 35. Re7+ 1-0

[Event "XXX Festival A"]
[Site "Arco ITA"]
[Date "2008.10.25"]
[Round "8"]
[White "Prelati, Maurizio"]
[Black "Cavatorta, Fosco"]
[Result "1-0"]
[WhiteElo "2135"]
[BlackElo "1923"]
[PlyCount "39"]
[EventDate "2008.10.18"]

1. e4 d6 2. d4 Nf6 3. Nc3 Nbd7 4. f4 e5 5. Nf3 c6 6. a4 Qc7 7. Bc4 h6 8. O-O
Be7 9. Qe2 exf4 10. Bxf4 g5 11. Bg3 O-O 12. Nxg5 hxg5 13. e5 dxe5 14. dxe5 Nxe5
15. Bxe5 Qb6+ 16. Kh1 Ng4 17. Rae1 Bc5 18. h3 Nf2+ 19. Rxf2 Bd4 20. Qh5 1-0